Statistics for Word Scramble - Four Letter Words with Definitions

Click here to take the quiz!

General Stats

  • This quiz has been taken 39 times
  • The average score is 14 of 20

Answer Stats

WordDefinition% Correct
acnea skin disease caused by inflammation of the sebaceous follicles, esp. on the face, neck, and shoulders [n]
100%
awayat or to a distance [adv]]
100%
bios(short for) a biography [n]
100%
brapan exclamation used to imitate the sound of a burst of gunfire from an automatic weapon [interj]
100%
catsto vomit [v]
100%
cinq(French) the number five [n]
100%
coaxto cajole [v]
100%
cuffto strike with the open hand [v]
100%
damsto build an embankment to retain water [v]
100%
dentto make a depression in [v]
100%
dingto dash; to throw violently [v]
100%
earla rank above viscount, below marquis [n]
100%
eros(Greek) the sum of the self-preservative, as opposed to self-destructive, instincts [n]
100%
faix(dialect) faith [interj]
100%
fastto abstain from eating [v]
100%
flawto make defective or imperfect [v]
100%
foamto form froth or bubbles [v]
100%
frogto hunt for frogs, webfooted, tailless amphibians [v]
100%
glutto feed or fill to excess [v]
100%
goneto move along [v]
100%
goreto pierce with a horn or tusk [v]
100%
heckthe lower part of a door, an inner door, a grating [n]
100%
heira person who actually succeeds to property, title, etc. on the death of its previous holder [n]
100%
houra period of sixty minutes [n]
100%
howlto cry like a dog [v]
100%
jetsto spurt forth in a stream [v]
100%
kickto strike with the foot [v]
100%
kris(Malay) to stab with a Malay dagger [v]
100%
loadto place goods or cargo on transportation [v]
100%
lumpto make into a shapeless mass [v]
100%
macka raincoat [n]
100%
mania stone prayer wall in a Tibetan Buddhist temple, usually carved with sacred images or texts [n]
100%
massto assemble as a body [v]
100%
meshthe opening between the threads of a net [n]
100%
messto make dirty or untidy [v]
100%
micaa rock-forming mineral (muscovite, biotite, lepidolite, etc.) with perfect basal cleavage [n]
100%
milka white liquid secreted by female mammals for the nourishment of their young [n]
100%
millto grind corn, wheat etc. [v]
100%
nazi(German) a type of fascist [n]
100%
nestto build a structure for holding eggs [v]
100%
peepto cheep like a chicken [v]
100%
penta penthouse [n]
100%
pullto draw or drag [v]
100%
puntto propel through water with a pole [v]
100%
puttto hit with a light stroke in golf [v]
100%
raidto make a sudden assault on [v]
100%
raptdeeply engrossed [adj]
100%
reno(short for) a renovated house [n]
100%
rideto be conveyed by an animal or machine [v]
100%
ritzpretentious display [n]
100%
rockto move back and forth [v]
100%
ruffat bridge, to play a trump card when one cannot follow through [v]
100%
rusea deception [n]
100%
sade(Hebrew) a Hebrew letter [n]
100%
sinsto offend against moral or religious law [v]
100%
soarto fly at a great height [v]
100%
sofaa long upholstered seat [n]
100%
songa musical composition written for singing [n]
100%
soonin the near future [adv]
100%
suckto draw in by establishing a partial vacuum [v]
100%
sunsto expose to sunlight [v]
100%
tabsto provide with an identifying mark [v]
100%
tait(Scots) a small portion, a pinch [n]
100%
tellto inform [v]
100%
tomea large, usually scholarly, book or volume [n]
100%
veinto fill with tubular blood vessels [v]
100%
vers(French) verse [n]
100%
wingto travel by means of wings [v]
100%
worta plant, herb or vegetable [n]
100%
wrapto enclose [v]
100%
fineto incur a monetary penalty [v]
50%
abbaa Syrian cloth of goat's or camel's hair; an outer garment made of it [n]
0%
aber(Welsh) an estuary [n]
0%
ablecompetent [adj]
0%
ablycompetent [adv]
0%
acesto serve an unreturnable shot e.g. in tennis [v]
0%
acheto endure a dull lasting pain [v]
0%
acidsharp, sour [adj]
0%
acme(Greek) the highest point [n]
0%
acrea measure of land equivalent to 4840 square yards [n]
0%
acta(Latin) official minutes of proceedings [n]
0%
actsto do something in a specified way [v]
0%
acylan organometallic compound [n]
0%
addsto compute the sum of [v]
0%
aero(relating to) aircraft or aeronautics [n]
0%
afarat a great distance [adv]]
0%
afroa thick curly African hairstyle [n]
0%
agar(Malay) a jelly prepared from seaweed [n]
0%
agedbeing of a certain age; old [adj]
0%
agesto grow old [v]
0%
agroa student of agricultural studies [n]
0%
aguea malarial fever [n]
0%
ahema sound expressing delicate interruption [interj]
0%
ahoyan interjection used to hail another vessel [interj]
0%
aide(French) a confidential assistant to a person of senior rank [n]
0%
aidsto help [v]
0%
aimsto direct a course [v]
0%
airsto make known publicly [v]
0%
airyrelating to air [adj]
0%
ajarpartly open [adj]
0%
akinrelated by blood [adj]
0%
alana large hunting dog [n]
0%
alasan interjection expressing grief [interj]
0%
albathe white substance of the brain [n]
0%
aleca herring [n]
0%
alga(Latin) a seaweed [n]
0%
allyto join by marriage, friendship, treaty etc. [v]
0%
alma(Arabic) an Egyptian girl who sings and dances professionally [n]
0%
almsmoney or goods given to the poor [n]
0%
alpsa high mountain [n]
0%
alsoin addition [adv]
0%
alto(Italian) a low female singing voice [n]
0%
aluma sulphate of ammonium and potassium, used as a mordant [n]
0%
amento conclude prayerfully [v]
0%
ames(French) a soul [n]
0%
amida compound formed by the union of amidogen with an acid element or radical [n]
0%
amina compound derived from ammonia [n]
0%
amir(Arabic) an Eastern ruler [n]
0%
amis(Spenser) a clerical garb worn on the shoulders [n]
0%
amps(Australian slang) to excite [v]
0%
analpertaining to the anus [adj]
0%
anan(to a person calling for attention) in a moment! coming [interj]
0%
ance(dialect) once [adv]
0%
anewafresh, again [adv]
0%
anil(Arabic) indigo, the plant or dye [n]
0%
anna(Hindi) a former coin of India [n]
0%
anno(Latin) in the year [prep]
0%
anonat once; immediately [adj]
0%
anteto put a fixed stake in the pot at poker [v]
0%
antione who is opposed to anything [n]
0%
antsa small industrious insect [n]
0%
anus(Latin) the opening at the end of the alimentary canal [n]
0%
apesto mimic [v]
0%
apex(Latin) the topmost point [n]
0%
apsea rounded extension at the end of a building, esp. at the east end of a church [n]
0%
aqua(Latin) water [n]
0%
archsly, mischievous [adj]
0%
arcsto make an electric discharge [v]
0%
area(Latin) a region [n]
0%
arghan interjection expressing pain or dismay [interj]
0%
aria(Italian) an accompanied vocal solo [n]
0%
aridvery dry [adj]
0%
armsto supply with weapons [v]
0%
armya large body of people armed for war [n]
0%
artsworks of creative imagination [n]
0%
asksto inquire or request [v]
0%
atomthe smallest particle in an element which can take part in a chemical reaction [n]
0%
atopon top of [adj]
0%
aughan interjection expressing despair or frustration [interj]
0%
auld(Scots) old [adj]
0%
auntthe sister of a mother or father [n]
0%
aura(Latin) a subtle emanation [n]
0%
autoto ride in an automobile [v]
0%
averto declare positively [v]
0%
avideager [adj]
0%
avowto declare [v]
0%
awedto strike with fear [v]
0%
awryaskew [adv]
0%
axelin figure-skating, a jump from one skate to the other [n]
0%
axes(US) to chop with a cutting tool [v]
0%
axis(Latin) the imaginary straight line about which a body rotates [n]
0%
axlea shaft upon which a wheel revolves [n]
0%
axon(Greek) a nerve fibre [n]
0%
baal(Hebrew) a false god [n]
0%
baba(Polish) a kind of coffee-cake, containing almonds, raisins, rum, orange rind [n]
0%
babea baby; an attractive young woman [n]
0%
babu(Hindi) a native clerk who writes English; also, a Hindu title answering to Mr. or Esquire [n]
0%
babylike a baby [adj]
0%
bacha Welsh term of address [n]
0%
backto help or support [v]
0%
badeto make an offer [v]
0%
bagsto put in a pouch or sack [v]
0%
bailto set free by putting up security [v]
0%
baitto set a trap etc. with food [v]
0%
baketo cook in an oven [v]
0%
baldwithout hair [adj]
0%
baleto form into tightly compressed bundles [v]
0%
ballto form into a sphere [v]
0%
balmto embalm [v]
0%
bandto decorate with strips of material [v]
0%
banean evil, a poison [n]
0%
bangto make a loud, explosive noise [v]
0%
bankan institution for the keeping of money [n]
0%
bansto forbid or prohibit [v]
0%
barbto pierce with a sharp point [v]
0%
bardto cover a horse with armour [v]
0%
bareunclothed, uncovered [adj]
0%
barkto make a sound like a dog [v]
0%
barna building for storing hay, straw etc. [n]
0%
barsto obstruct or prevent [v]
0%
basemean [adj]
0%
bashto strike [v]
0%
bassof a voice, low in pitch [adj]
0%
bastthe inner bark, esp. of lime [n]
0%
bateto diminish [v]
0%
bathwater for immersing the body [n]
0%
batsto hit a ball with a bat (cricket, baseball) [v]
0%
bauda unit of data transmission speed of one bit per second [n]
0%
baysto bark or howl [v]
0%
beadto adorn with round balls of glass, wood or plastic [v]
0%
beaka bird's bill [n]
0%
bealan infected sore [n]
0%
beamto emit a ray of light [v]
0%
beanto hit on the head [v]
0%
bearto endure [v]
0%
beatto strike repeatedly [v]
0%
beau(French) a boyfriend [n]
0%
beckto beckon [v]
0%
bede(obsolete) a prayer [n]
0%
bedsto provide with a receptacle for sleeping [v]
0%
beefto grumble [v]
0%
beento exist [v]
0%
beeran alcoholic drink made from malted barley flavoured with hops [n]
0%
beesa four-winged insect that makes honey [n]
0%
beetto improve or mend, esp. a fire [v]
0%
begsto ask for [v]
0%
bein(Scots) well off, comfortable [adj]]
0%
bellto provide with a ringing device [v]
0%
beltto thrash with a belt [v]
0%
bendto curve [v]
0%
benea prayer, a boon [n]
0%
benithe sesame plant [n]
0%
benta stiff wiry grass [n]
0%
berg(South African) a hill or mountain in S. Africa [n]
0%
bestto outdo [v]
0%
beta(Greek) a Greek letter [n]
0%
beth(Hebrew) the second letter of the Hebrew alphabet [n]
0%
betsto wager [v]
0%
biasto cause to incline to one side [v]
0%
bideto wait, dwell [v]
0%
bidsto make an offer [v]
0%
bien(Scots) well off, comfortable [adj]
0%
biera coffin stand [n]
0%
biketo ride a bicycle [v]
0%
bile(Scots) to boil [v]
0%
billto charge someone for services [v]
0%
bindto tie, fasten [v]
0%
binga heap or pile, as of wood [n]
0%
binsto store in a large receptacle [v]
0%
birdto hunt birds [v]
0%
biteto seize with the teeth [v]
0%
bitsto curb or restrain [v]
0%
bledto lose blood [v]
0%
blewto propel by a current of air [v]
0%
bloc(French) a combination of parties, nations or other units to achieve a common purpose [n]
0%
blogto keep a personal online journal [v]
0%
blotto spot or stain [v]
0%
blowto propel by a current of air [v]
0%
blueto make the colour of a clear sky [v]
0%
blurto make indistinct [v]
0%
boara male pig [n]
0%
boasa large constricting snake [n]
0%
boatto travel on a watercraft [v]
0%
bockto belch [v]
0%
bodeto foretell, be an omen of [v]
0%
bodyto give form to [v]
0%
bogsto sink into a bog [v]
0%
boilto pass rapidly from liquid into vapour [v]
0%
bois(slang) a lesbian who adopts a boyish appearance or manners [n]
0%
boldbrave, daring [adj]
0%
bollto form pods [v]
0%
boltto run away [v]
0%
bombto attack with an exploding device [v]
0%
bona(Latin) goods [n]
0%
bondto join together [v]
0%
boneto take the bones out of [v]
0%
bonylike bone [adj]
0%
bookto reserve in advance [v]
0%
boomto make a roaring sound [v]
0%
boonas in boon companion [adj]
0%
bootto kick with the foot [v]
0%
bora(Italian) a violent cold north wind that blows from the mountains towards the East coast of the Adriatic [n]
0%
boreto pierce with a tool [v]
0%
bornto endure [v]
0%
bossto domineer over [v]
0%
boththe two; the one and the other [adj]
0%
bouta contest [n]
0%
bowlto make a delivery of a ball [v]
0%
bowsto bend or incline downwards [v]
0%
boysto act a female role as a boy [v]
0%
bradto fasten with thin nails [v]
0%
bragto boast [v]
0%
branto soak in water mixed with the outer coat of cereals [v]
0%
bras(Spenser) brass [n]
0%
brayto cry like an ass [v]
0%
bredsomeone living in a remote part of Australia [n]
0%
brewto make beer [v]
0%
briga two-masted, square-rigged vessel [n]
0%
brimto fill to the top [v]
0%
brita young herring [n]
0%
brosbuddy, pal [n]
0%
browthe eyebrow; the ridge over the eyes [n]
0%
brrrused to indicate that one is cold [interj]
0%
buckto leap forward and upward suddenly [v]
0%
budsto produce unopened flowers [v]
0%
buffto polish [v]
0%
bugsto annoy [v]
0%
bulbto swell out, form bulbs [v]
0%
bulkto gather into a mass [v]
0%
bullan uncastrated male of the cattle family [n]
0%
bumpto knock against [v]
0%
bumsto live idly [v]
0%
bundto make an embankment [v]
0%
bunkto go to bed [v]
0%
bunsa small sweet cake [n]
0%
buoyto mark with a warning float [v]
0%
burga fortified town [n]
0%
burnto destroy by fire [v]
0%
burrto remove the rough edge from [v]
0%
buryto put in the ground and cover with earth [v]
0%
bushto cover with shrubs [v]
0%
bustto break, shatter [v]
0%
busyto occupy oneself [v]
0%
butea shortened form of Butazolidin [n]
0%
buttto hit with the head [v]
0%
buysto purchase [v]
0%
buzzto make a vibrating sound [v]
0%
bytea set of usually eight binary digits (bits) considered as a unit [n]
0%
cabsto travel by taxicab [v]
0%
cadea Mediterranean medicinal shrub [n]
0%
cafea small restaurant [n]
0%
cageto cage [v]
0%
cain(Gaelic) a tenanted farm rent paid in kind [n]
0%
caketo form into a hardened mass [v]
0%
calfa young cow [n]
0%
callto summon [v]
0%
calmto become not agitated [v]
0%
camea lead rod for framing a pane in a leaded or stained glass window [n]
0%
campto live in the open [v]
0%
camsto whiten with camstone [v]
0%
caneto beat with a flexible rod [v]
0%
cansto put in a cylindrical container [v]
0%
cantto tilt or slant [v]
0%
capea head or point of land jutting into the sea or a lake [n]
0%
capo(Italian) the head of a branch of the Mafia [n]
0%
capsto provide with a type of head covering [v]
0%
cardto comb wool [v]
0%
careto be concerned [v]
0%
carla rude, rustic man; a churl [n]
0%
carpto find fault with unreasonably [v]
0%
carr(Old Norse) an alder wood [n]
0%
carsa self-propelled wheeled vehicle [n]
0%
cartto convey in a two wheeled vehicle [v]
0%
casa(Italian) a house, a mansion [n]
0%
caseto put in a container [v]
0%
cashto convert into ready money [v]
0%
caskto store in a strong barrel [v]
0%
castto throw with force [v]
0%
cate(archaic) a dainty or choice food [n]
0%
cava(Spanish) a special Spanish wine, used for toasts [n]
0%
caveto hollow out [v]
0%
ceas(Shakespeare) enough said [interj]
0%
cedeto yield [v]
0%
cellto store in a honeycomb [v]
0%
centa coin worth 1/100th of a dollar [n]
0%
cert(short for) a certainty [n]
0%
cessto tax or assess [v]
0%
chada bit of paper punched out of paper tape or cards [n]
0%
chai(Romany) feminine of chal, a fellow, a person [n]
0%
cham(obsolete) a prince or chief; a governor [n]
0%
chao(Vietnamese) a monetary unit of Vietnam [n]
0%
chapto cause to crack [v]
0%
charto burn slightly, scorch [v]
0%
chas(colloquial) tea [n]
0%
chatto talk informally [v]
0%
chefto work as a chef [v]
0%
chem(short for) a chemistry class or course [n]
0%
cher(French) dear [adj]
0%
chewto grind with the teeth [v]
0%
chez(French) at the home of [prep]
0%
chiaa Mexican herb with edible seeds [n]
0%
chicelegance [n]
0%
chinto hold with the lower part of the face [v]
0%
chipto break a small piece from [v]
0%
chit(dialect) to sprout [v]
0%
chopto sever with a sharp tool [v]
0%
chou(French) a cabbage; an ornamental soft rosette; a cream bun [n]
0%
chowto eat [v]
0%
chumto be close friends with someone [v]
0%
chur(New Zealand) an informal expression of agreement [interj]
0%
ciao(Italian) an informal greeting or farewell [interj]
0%
cinea motion picture [n]
0%
citeto quote as an authority or example [v]
0%
citya large town [n]
0%
cladto cover one material with another [v]
0%
clamto dig for the edible shellfish clams [v]
0%
clana united group of families [n]
0%
clapthe noise of striking two things together [v]
0%
clawto scratch with sharp, curved toenails [v]
0%
clayto purify (e.g. sugar) with clay [v]
0%
clemto starve [v]
0%
clipto trim by cutting [v]
0%
clogto block up [v]
0%
clotto form into a thick mass [v]
0%
clubto form an organised group of people [v]
0%
clueto obtain guiding information [v]
0%
coalto supply with a carbon fuel [v]
0%
coatto cover with an outer garment [v]
0%
cobb(archaic) a gull, esp. the great black-backed gull [n]
0%
coca(Quechua) the dried leaf of a South American shrub [n]
0%
cocothe taro or other edible araceous tuber [n]
0%
coda(Italian) a passage at the end of a musical composition [n]
0%
codeto convert into symbols [v]
0%
coeda girl student at a coeducational institution [n]
0%
coilto wind in even rings [v]
0%
cointo make metal currency [v]
0%
coketo change into a carbon fuel [v]
0%
colaa genus of West African trees producing nuts used in drugs and for flavouring soft drinks [n]
0%
colda respiratory infection [n]
0%
colea plant of the cabbage family [n]
0%
coll(obsolete) to embrace, hug [v]
0%
colsa pass in a mountain range [n]
0%
coltto cheat, defraud [v]
0%
coma(Latin) a spherical cloud of material surrounding the head of a comet [n]
0%
combto separate with a toothed instrument [v]
0%
cometo move toward someone or something [v]
0%
commas in comm badge, a small wearable badge-shaped radio transmitter [n]
0%
compto work as a compositor [v]
0%
condto study carefully [v]
0%
coneto bear cones [v]
0%
confan online conference [n]
0%
connto direct the steering of a ship [v]
0%
consto study carefully [v]
0%
cookto prepare food by heating [v]
0%
coolto lower the temperature of [v]
0%
coopto confine [v]
0%
copeto deal with [v]
0%
copsto capture [v]
0%
copyto imitate [v]
0%
cordto fasten with a thin rope [v]
0%
coreto remove the central part of [v]
0%
corkto stop up [v]
0%
cornto preserve with salt [v]
0%
cory(Romany) the penis [n]
0%
costto estimate a price for production of [v]
0%
cosyto attempt to get on friendly terms [v]
0%
coteto pass by; to outstrip (as one dog another) [v]
0%
cotsCOT [n]
0%
coup(Scots) to overturn, turn up [v]
0%
cour(obsolete) to cover [v]
0%
coveto curve over or inward [v]
0%
cowsto subdue [v]
0%
cozyto attempt to get on friendly terms [v]
0%
craba marine crustacean [n]
0%
craga large jagged rock [n]
0%
cramto pack tightly [v]
0%
creeto soften by boiling [v]
0%
crewto serve aboard a ship [v]
0%
cribto confine closely [v]
0%
crim(Australian slang) a criminal [n]
0%
crit(short for) criticism [n]
0%
cropto cut off short [v]
0%
crowto gloat, exult [v]
0%
crux(Latin) a basic or decisive point [n]
0%
cubeto raise to the third power [v]
0%
cubsto bring forth young [v]
0%
cuesto prompt an actor [v]
0%
culta religious society [n]
0%
cupsto put into a small, open container [v]
0%
curbto restrain [v]
0%
curdto curdle [v]
0%
cureto restore to health [v]
0%
curlto form into ringlets [v]
0%
currto make a purring sound [v]
0%
curtabrupt [adj]
0%
cuspa toothlike meeting of two branches of a curve [n]
0%
cutepleasingly attractive [adj]
0%
cutsto make an incision in; to reduce [v]
0%
cysta sac [n]
0%
czar(Russian) an emperor or king [n]
0%
dadaan artistic and literary movement [n]
0%
dahl(Hindi) an Indian name for a lentil [n]
0%
dais(French) a raised platform [n]
0%
dalea valley [n]
0%
dalia tropical American tree related to nutmeg [n]
0%
damea matron [n]
0%
dampto wet slightly [v]
0%
dangdamned [adj]
0%
dankunpleasantly damp [adj]
0%
dans(Japanese) a level of efficiency in Japanese combative sports [n]
0%
dareto venture boldly [v]
0%
darkhaving little light [adj]
0%
darnto mend with interlacing stitches [v]
0%
dartto move suddenly and swiftly [v]
0%
dashto strike violently [v]
0%
data(Latin) something used as a basis for calculating [n]
0%
dateto record a statement of time [v]
0%
davya safety lamp [n]
0%
dawnto grow light in the morning [v]
0%
daysthe time between sunrise and sunset [n]
0%
deadnot alive [adj]
0%
deaflacking the sense of hearing [adj]
0%
dealto trade or do business [v]
0%
deanto serve as the head of faculty [v]
0%
dearcostly [adj]
0%
debs(short for) debutante [n]
0%
debtsomething that is owed [n]
0%
deckto adorn [v]
0%
deed(Scots) dead [adj]
0%
deek(Romany) look at, see [interj]
0%
deemto hold as an opinion [v]
0%
deepthe place far down under the sea [n]
0%
deera ruminant mammal [n]
0%
defodefinitely, as an expression of agreement or consent [interj]
0%
deftskilful [adj]
0%
defyto resist openly and boldly [v]
0%
deli(short for) a delicatessen [n]
0%
della small wooded valley [n]
0%
demoto demonstrate [v]
0%
demya size of paper [n]
0%
densto live in a lair [v]
0%
denyto declare to be untrue [v]
0%
deska writing table [n]
0%
deus(Latin) god [n]
0%
deva(Sanskrit) a Hindu god [n]
0%
devi(Sanskrit) a Hindu goddess [n]
0%
dewycovered with dew [adj]
0%
dialto use a calibrated disk [v]
0%
diceto cut into small cubes [v]
0%
didoa mischievous act [n]
0%
diedto cut with a material shaping device [v]
0%
diesto cut with a material shaping device [v]
0%
dietto regulate food and drink [v]
0%
diff(colloquial) difference [n]
0%
digsto make a hole, excavate [v]
0%
diketo furnish with an embankment [v]
0%
dillan umbelliferous herb related to parsnip, the fruits of which are used in condiments [n]
0%
dimethe tenth part of an American and Canadian dollar, 10 cents [n]
0%
dineto eat dinner [v]
0%
dintto make a dent in [v]
0%
dipsto immerse briefly in a liquid [v]
0%
diredisastrous [adj]
0%
dirkto stab with a small knife [v]
0%
dirtto make dirty [v]
0%
discto break up land with a kind of harrow [v]
0%
dishto put into a concave vessel [v]
0%
diskto break up land with a farm implement [v]
0%
dissto disrespect [v]
0%
diveto plunge headfirst into water [v]
0%
dockto bring into a wharf [v]
0%
docs(short for) doctor [n]
0%
doerone that does something [n]
0%
doesto perform [v]
0%
doge(Italian) the former title of the chief magistrate in Venice [n]
0%
dogsto follow closely behind [v]
0%
doit(Dutch) an old Dutch coin of little value [n]
0%
doleto distribute in small portions [v]
0%
dollto dress stylishly [v]
0%
dometo cover with a rounded roof [v]
0%
dona(Spanish) a Spanish lady [n]
0%
doneto perform [v]
0%
donsto put on [v]
0%
doomto condemn to catastrophe [v]
0%
dooran entrance that opens and closes [n]
0%
dopaa drug used to treat Parkinson's disease [n]
0%
dopeexcellent [adj]
0%
doreanother name for the fish walleye [n]
0%
dorm(short for) dormitory [n]
0%
dort(Scots) to sulk [v]
0%
doseto give a measure of medicine to [v]
0%
dostto perform [v]
0%
doth(archaic) 3rd person singular of do [v]
0%
dotsto cover with tiny round marks [v]
0%
doveto doze [v]
0%
downto a lower position [adv]]
0%
drabdull and monotonous [adj]
0%
dragto pull along the ground [v]
0%
dramto tipple, drink a small measure of whisky [v]
0%
drawto move by pulling [v]
0%
drewto move by pulling [v]
0%
dripto fall in drops [v]
0%
dropto let fall in globules [v]
0%
drugto dose with a medicinal substance [v]
0%
drumto beat a percussion instrument [v]
0%
dualtwofold [adj]
0%
duce(Italian) a leader [n]
0%
duckto bob quickly [v]
0%
ducta pipe or tube for carrying fluid, cables etc. [n]
0%
dudea fop, a dandy [n]
0%
duelto fight formally [v]
0%
duesto endue [v]
0%
dueta musical performance by two people [n]
0%
duffno good [adj]
0%
duketo fight with fists [v]
0%
dullmentally slow [adj]
0%
dulyrequired [adv]
0%
duma(Russian) the Russian parliament [n]
0%
dumbincapable of speech [adj]
0%
dumpto unload, let fall heavily [v]
0%
dunea hill of sand [n]
0%
dungto fertilize with manure [v]
0%
dunsto make demands for payment of a debt [v]
0%
dupeto deceive [v]
0%
dura(Arabic) Indian millet [n]
0%
duskto make dim [v]
0%
dustto rid of minute particles of matter [v]
0%
dutya moral or legal obligation [n]
0%
dyadtwo units treated as one; a couple; a pair [n]
0%
dyedto change the colour of [v]
0%
dyerone who dyes [n]
0%
dyesto change the colour of [v]
0%
dyketo furnish with an embankment [v]
0%
eachevery one taken separately [adj]
0%
earnto gain or deserve for one's labour or service [v]
0%
earsto plough or till [v]
0%
easeto free from pain or trouble [v]
0%
eastto turn east (a point on the compass) [v]
0%
easynot difficult [adj]
0%
eatsto consume food [v]
0%
ecce(Italian) behold [interj]
0%
ecco(Italian) behold [interj]
0%
echoa reflected sound [n]
0%
ecod(archaic) a mild oath [interj]
0%
eddyto move against the main current [v]
0%
edgeto furnish with a border [v]
0%
editto prepare for publication [v]
0%
eeewan interjection used to express disgust [interj]
0%
eelsa snakelike fish [n]
0%
egad(archaic) a mild oath [interj]
0%
eggsto incite [v]
0%
egosthe 'I' or self [n]
0%
eina(South African) expressing sudden pain [interj]
0%
eine(obsolete) eyes [n]
0%
eish(South African) expressing surprise, dismay [interj]
0%
elmsa kind of deciduous tree [n]
0%
elseotherwise [adv]
0%
emir(Arabic) an Eastern ruler [n]
0%
emitto send forth [v]
0%
emmaformerly, a signaller's name for the letter M [n]
0%
emmy(tradename) a gold plated statuette awarded annually for television [n]
0%
endsto terminate [v]
0%
envyto covet others' possessions, looks etc. [v]
0%
epiclarge-scale [adj]
0%
erasa main division of geological time [n]
0%
ergo(short for) ergometer [n]
0%
eric(Irish) a murderer's fine in old Irish law [n]
0%
erstformerly [adv]
0%
esse(Latin) actual existence, essence [n]
0%
etat(French) the staff of an army, including all officers above the rank of colonel [n]
0%
etchto engrave with acid [v]
0%
euge(Greek) an interjection meaning well done [interj]
0%
euoi(Greek) expressing Bacchic frenzy [interj]
0%
euro(Native Australian) any of several large types of kangaroo, aka wallaroo [n]
0%
evento make smooth or level [v]
0%
everat all times [adv]
0%
evilwickedness or depravity [n]
0%
evoe(Greek) expressing Bacchic frenzy [interj]
0%
ewesa female sheep [n]
0%
examan examination [n]
0%
exec(short for) an executive [n]
0%
exitto go out [v]
0%
exonwithin a nucleic acid, a sequence which codes for protein synthesis [n]
0%
eyedto watch closely [v]
0%
eyesto watch closely [v]
0%
eyre(historical) a journey in circuit of certain judges called justices in eyre [n]
0%
faceto confront [v]
0%
factsomething known with certainty [n]
0%
fadeto lose colour or brightness [v]
0%
fadsa hobby or interest that enjoys brief popularity [n]
0%
failto be unsuccessful in an attempt [v]
0%
fainhappy; inclined; pleased [adj]
0%
fairjust; pleasant to look at [adj]
0%
fakenot genuine [adj]
0%
fallto descend freely by force of gravity [v]
0%
fameto make famous [v]
0%
fangto seize in the teeth [v]
0%
fansto cool with a device for circulating the air [v]
0%
fareto get on or succeed [v]
0%
farmto practise the business of a farmer [v]
0%
fateto destine [v]
0%
fatsto make plump [v]
0%
faut(Scots) to fault [v]
0%
faux(French) fake, as in faux naif, falsely simple or naive, feigning artlessness [adj]
0%
fawnto please in a servile way [v]
0%
faysto clean out esp. a ditch [v]
0%
fearto be afraid of [v]
0%
featneat, deft [adj]
0%
feedto give food to [v]
0%
feelto perceive by the sense of touch [v]
0%
feesto pay a fixed charge [v]
0%
feetthe terminal part of the leg on which the body stands and moves [n]
0%
fellto cause to fall [v]
0%
feltto mat together [v]
0%
fendto ward off [v]
0%
ferna flowerless vascular plant [n]
0%
fete(French) to honour with festivities [v]
0%
feudto engage in a persistent state of private enmity [v]
0%
fiat(Latin) a formal authorization for a proposed arrangement [n]
0%
fiefa feudal estate [n]
0%
fifeto play a high-pitched flute [v]
0%
figsto dress up [v]
0%
fileto arrange in order for future reference [v]
0%
fillto make full [v]
0%
filmto make a motion picture [v]
0%
fils(Shakespeare) the shaft of a vehicle [n]
0%
findto come upon after a search [v]
0%
finkto inform to the police [v]
0%
finsto equip with paddle-like structures [v]
0%
fireto project by discharging from a gun [v]
0%
firmunyielding to pressure [adj]
0%
firsan evergreen tree [n]
0%
fishto try to catch cold-blooded aquatic vertebrates [v]
0%
fiskto frisk, gad about [v]
0%
fistto strike with the tightly closed hand [v]
0%
fitsto adjust to the right size [v]
0%
fivea number [n]
0%
flagto mark with a cloth used as a symbol [v]
0%
flakantiaircraft fire [n]
0%
flapto move, as of wings [v]
0%
flatto make flat [v]
0%
flaxthe fibres of the plant linum [n]
0%
fleaany of an order of wingless, very agile, parasitic, bloodsucking insects [n]
0%
fledto run away [v]
0%
fleeto run away [v]
0%
flewthe floppy upper lip of dogs such as bloodhounds [n]
0%
flexto bend [v]
0%
flipto spin in the air [v]
0%
flopto drop heavily [v]
0%
flora flavoursome yeast on sherry wines [n]
0%
flowto move steadily and smoothly along [v]
0%
fluea smoke-duct in a chimney [n]
0%
fluxto melt [v]
0%
foalto give birth to a horse [v]
0%
foci(Latin) a point in which rays converge [n]
0%
foesan enemy [n]
0%
fogsto cover with condensed water vapor [v]
0%
foilto defeat or baffle [v]
0%
foldto double over [v]
0%
folka people or tribe [n]
0%
fondto display affection [v]
0%
fonta container for baptismal water [n]
0%
foodnourishment for the body to maintain life and growth [n]
0%
foolto deceive [v]
0%
footthe terminal part of the leg on which the body stands and moves [n]
0%
fora(Latin) a public meeting place [n]
0%
fordto wade across [v]
0%
forethe front part of something [n]
0%
forkto work with a pronged implement [v]
0%
formto shape or produce [v]
0%
fortto fortify [v]
0%
fossa ditch [n]
0%
fouloffensive to the senses [adj]
0%
fourthe cardinal number next above three [n]
0%
fowlto hunt birds [v]
0%
frau(German) a woman, housewife [n]
0%
frayto wear by rubbing [v]
0%
freeto set at liberty [v]
0%
fretto worry [v]
0%
fromstarting at [prep]
0%
fuelto provide with an energy-producing material [v]
0%
fuji(Japanese) a silk fabric [n]
0%
fullto shrink and thicken, as cloth [v]
0%
fumeto give off smoke or vapour [v]
0%
fundto provide money for [v]
0%
fung(Chinese) the fabled Chinese phoenix [n]
0%
funkto shrink back in fear [v]
0%
fursto cover with a dressed animal pelt [v]
0%
furyviolent anger [n]
0%
fuseto equip with a detonating device [v]
0%
fussto be overly concerned with small details [v]
0%
gageto pledge as security [v]
0%
gainto acquire [v]
0%
gaitto train a horse to move in a certain way [v]
0%
galaa celebration [n]
0%
galea strong wind [n]
0%
gallto make sore by rubbing [v]
0%
gama(Spanish) a kind of pasture grass found in the Western United States [n]
0%
gameplucky [adj]
0%
gangto form into a gang (group) [v]
0%
gaolto imprison [v]
0%
gapsto make an opening in [v]
0%
garbto clothe [v]
0%
gashto make a long deep cut in [v]
0%
gaspto breathe convulsively [v]
0%
gateto supply with a gate [v]
0%
gaveto transfer freely to another's possession [v]
0%
gaysa homosexual [n]
0%
gazeto look intently [v]
0%
gearto provide with gears (toothed machine parts) [v]
0%
geezan interjection expressing consternation [interj]
0%
gelsto become like a jelly [v]
0%
gemsto adorn with gems [v]
0%
genea hereditary unit [n]
0%
gens(Latin) in ancient Rome a clan including several families descending from a common ancestor [n]
0%
gent(short for) gentleman [n]
0%
germto put forth buds, sprout [v]
0%
getsto obtain or acquire [v]
0%
ghee(Hindi) a kind of liquid butter [n]
0%
giftto give without charge [v]
0%
gilaa large lizard native to Arizona, New Mexico, etc. [n]
0%
gildto cover with a thin layer of gold [v]
0%
gilla membranous organ for breathing in water [n]
0%
gilta young sow [n]
0%
ginna class of spirits in Muslim folklore [n]
0%
girla female child [n]
0%
girtto gird, girth [v]
0%
gistthe main point of a matter [n]
0%
giveto transfer freely to another's possession [v]
0%
gladfeeling pleasure [adj]
0%
glee(Scots) to squint [v]
0%
glena narrow valley with a stream, often with trees [n]
0%
glowto emit light and heat [v]
0%
glueto fasten with glue (an adhesive substance) [v]
0%
goadto drive animals with a goad (a pointed stick) [v]
0%
goala point-scoring play in some games [n]
0%
goata horned mammal [n]
0%
godsto treat as a god (a supernatural being) [v]
0%
goesto move along [v]
0%
goffto play golf (a ball game) [v]
0%
golda precious metallic element [n]
0%
golfto play golf (a ball game) [v]
0%
gonga metal disc, usually rimmed, that sounds when struck or rubbed with a drumstick [n]
0%
goodsomething that is good [n]
0%
goshused as an exclamation of surprise [interj]
0%
gouta metabolic disease [n]
0%
gownto dress in a gown (a long, loose outer garment) [v]
0%
grabto grasp suddenly [v]
0%
grad(colloquial) a graduate [n]
0%
grama unit of mass in the metric system [n]
0%
gran(short for) a grandmother [n]
0%
graybetween black and white [adj]
0%
grewto shudder, to make the flesh creep [v]
0%
greybetween black and white [adj]
0%
grida grating, network [n]
0%
grimstern and unrelenting [adj]
0%
grinto smile broadly [v]
0%
gripto take hold of [v]
0%
gritto press the teeth together [v]
0%
growto cultivate [v]
0%
grubto dig around in the dirt [v]
0%
gulfa deep chasm [n]
0%
gullto dupe, deceive [v]
0%
gulpto swallow rapidly [v]
0%
gumsto smear with gum (a sticky substance) [v]
0%
gunsto shoot with a gun (a portable firearm) [v]
0%
guru(Hindi) a Hindu spiritual teacher [n]
0%
gushto flow forth forcefully [v]
0%
gustto blow in gusts (sudden blasts of wind) [v]
0%
gutsto eat greedily [v]
0%
guysto make fun of [v]
0%
hackto cut or chop roughly [v]
0%
hailto greet [v]
0%
hairto free from hair [v]
0%
haji(Arabic) a person who has made a hadj, a pilgrimage to Mecca [n]
0%
haleto compel to go [v]
0%
halfone of two equal parts [n]
0%
halla large room for assembly [n]
0%
haloto form a ring of light [v]
0%
haltto stop [v]
0%
hamsto overact [v]
0%
handto present with the extremity of the arm below the wrist [v]
0%
hangto attach from above, suspend [v]
0%
hankto catch, as on a loop [v]
0%
hardfirm and unyielding [adj]
0%
harea very swift mammal like a large rabbit [n]
0%
harkto listen [v]
0%
harmto injure [v]
0%
harpto play on a type of stringed musical instrument [v]
0%
hartthe male of the red deer esp. when over five years old [n]
0%
hasha mixed dish of meat and vegetables in small pieces [n]
0%
hast(archaic) 2nd person singular of have, to possess [v]
0%
hateto loathe [v]
0%
hath(archaic) 3rd person singular of have, to possess [v]
0%
hatsto provide with a covering for the head [v]
0%
haulto pull with force [v]
0%
haut(French) high; (Shakespeare) haughty, exalted [adj]
0%
haveto possess [v]
0%
hawkto peddle [v]
0%
haysto convert cut dried grass into fodder [v]
0%
hazeto make a shimmering vapour [v]
0%
hazylike a haze, unclear [adj]
0%
headto be chief of [v]
0%
healto make sound again [v]
0%
heapto pile up [v]
0%
hearto perceive by the ear [v]
0%
heatto make hot [v]
0%
hechan exclamation of surprise [interj]
0%
heedto pay attention to [v]
0%
heelto supply with the raised part of a shoe [v]
0%
heftto lift up, feel the weight of [v]
0%
heldto keep possession of [v]
0%
hellto hide, conceal [v]
0%
helmto steer a ship [v]
0%
helpto give aid [v]
0%
hemea component of hemoglobin [n]
0%
hempa plant yielding a coarse fibre and an oil [n]
0%
hensto lose courage [v]
0%
herba seed-bearing plant whose aerial parts do not persist above ground at the end of the growing season [n]
0%
herdto bring together a group of animals [v]
0%
herethis place [n]
0%
heroa brave man [n]
0%
hersthe possessive case of the pronoun she [pron]
0%
hewnto cut with an ax [v]
0%
hideto conceal [v]
0%
highto turn to the left [v]
0%
hiketo go walking [v]
0%
hillto form into banked up land [v]
0%
hiltto provide a handle for a weapon [v]
0%
hindthe female of the red deer in or after its third year [n]
0%
hintto suggest indirectly [v]
0%
hipsto build a type of roof [v]
0%
hireto use for a price [v]
0%
hissto make a sibilant sound [v]
0%
hist(archaic) an expression used to attract attention [interj]]
0%
hitsto strike forcibly [v]
0%
hiveto enter a bee's nest [v]
0%
hiya(colloquial) a greeting [interj]
0%
hmmman interjection expressing thoughtful consideration [interj]
0%
hoarto make hoary, grey with frost or age [v]
0%
hoaxto deceive [v]
0%
hockto pawn [v]
0%
hoesto garden with a hoe [v]
0%
hogga yearling sheep [n]
0%
hogsto eat hoggishly [v]
0%
holdto keep possession of [v]
0%
holeto make a cavity in [v]
0%
holma river island [n]
0%
holtthe lair or den of an animal, esp. an otter [n]
0%
holyperfect in a moral sense [adj]
0%
hometo return to a place of residence [v]
0%
homo(Latin) man generically [n]
0%
honeto whet [v]
0%
hong(obsolete) to hang [v]
0%
hoodto furnish with a covering for the head [v]
0%
hoofthe horny part of the feet of animals [n]
0%
hookto catch with a bent piece of metal [v]
0%
hoopto fasten with a circular band of metal [v]
0%
hootto cry like an owl [v]
0%
hopeto have a desire or expectation [v]
0%
hopsto move by jumping on one foot [v]
0%
hora(Hebrew) an Israeli dance [n]
0%
hornto form a hard bone-like projection on the head [v]
0%
hors(French) out of the combat; disabled from fighting [prep]
0%
hoseto spray with water [v]
0%
hostto entertain socially [v]
0%
hoveto swell [v]
0%
howea hill, a burial-mound [n]
0%
hubsthe centre of a wheel [n]
0%
huckto force roughly [v]
0%
huescolour [n]
0%
huffto breathe heavily [v]
0%
hugevery large [adj]
0%
hugsto clasp tightly in the arms [v]
0%
huicused to encourage hunting hounds [interj]
0%
hulkto appear impressively large [v]
0%
hullto separate the shell from the seed [v]
0%
humpto bend into a rounded projection [v]
0%
hungto attach from above, suspend [v]
0%
hunhused to ask for a repetition of an utterance [interj]
0%
hunsa barbarous, destructive person [n]
0%
huntto pursue for food or sport [v]
0%
hurlto throw with great force [v]
0%
hurtto cause pain to, injure [v]
0%
hushto quiet [v]
0%
huskto remove the outer covering [v]
0%
hutsto settle in a hut [v]
0%
hymnto sing a song of praise to god [v]
0%
hypeto stimulate artificially [v]
0%
hypo(colloquial) to inject with a hypodermic needle [v]
0%
ibisany of a group of gregarious wading birds of warm and tropical climates [n]
0%
icedto cover with frozen water [v]
0%
icesto cover with frozen water [v]
0%
icona symbol or image [n]
0%
ideaa conception or a plan [n]
0%
idee(French) an idea [n]
0%
idem(Latin) the same; the same as above [pron]
0%
idleinactive [adj]
0%
idlyinactive [adv]
0%
idolan object of worship [n]
0%
igada mild oath [interj]
0%
ilia(Latin) the anterior or superior bone of the pelvis [n]
0%
illsharm, misfortune [n]
0%
imam(Arabic) the officer who leads the devotions in a mosque [n]
0%
inchto move very slowly [v]
0%
info(short for) information [n]
0%
ingsa meadow, esp. one beside a river [n]
0%
inksto colour with ink [v]
0%
innsto stay at a public lodging house [v]
0%
intoto a position within [prep]
0%
ionsan electrically-charged particle formed by loss or gain of electrons by an atom [n]
0%
iota(Greek) a Greek letter [n]
0%
iristo give the form of a rainbow to [v]
0%
irona metallic element [n]
0%
isit(South African) is it? an expression used in response to a statement, sometimes to seek confirmation but often merely to show that one is listening [interj]
0%
islea small island [n]
0%
itchto have an irritating sensation in the skin [v]
0%
itemto set down the particulars of [v]
0%
jacka device for raising e.g. a car [n]
0%
jadeto tire [v]
0%
jailto imprison [v]
0%
jake(Australian slang) honest, fine [adj]
0%
jamsto force together tightly [v]
0%
janea small silver Genoese coin [n]
0%
jarsto vibrate from an impact [v]
0%
javaa type of coffee [n]
0%
jawsto chatter at length [v]
0%
jazzto liven up the beat of [v]
0%
jeana durable cotton fabric [n]
0%
jeepto travel by a four wheeled drive vehicle [v]
0%
jeezan interjection expressing consternation [interj]
0%
jeff(Australian slang) to spoil or destroy ruthlessly [v]
0%
jerkto move spasmodically [v]
0%
jessto fasten straps to a hawk's legs [v]
0%
jestto joke [v]
0%
jilla female hare [n]
0%
jobsto do piece work [v]
0%
jock(US slang) a keen sportsman [n]
0%
joeya young kangaroo [n]
0%
johna toilet [n]
0%
jointo unite [v]
0%
joketo say something amusing [v]
0%
joltto jar or shake roughly [v]
0%
jong(South African) friend [n]
0%
joshto tease [v]
0%
jour(French) a day, as in 'jour de feste' [n]
0%
joysto rejoice [v]
0%
judy(slang) a girl, a girlfriend [n]
0%
jugsto stew in a closed container [v]
0%
jumpto leap into the air [v]
0%
junkto discard as trash [v]
0%
jura(Latin) a law or legal right [n]
0%
jure(Latin) by right or law [adv]]
0%
jurya committee of adjudicators or examiners [n]
0%
justfair, impartial [adj]
0%
jutea fibre obtained from the phloem of two plants of the linden family, used for making ropes [n]
0%
kalea hardy cabbage-like vegetable [n]
0%
kali(Arabic) the prickly saltwort or glasswort [n]
0%
kama(Sanskrit) in Indian philosophy, earthly desire [n]
0%
kami(Japanese) a Japanese divine being [n]
0%
kane(Gaelic) a tenanted farm rent paid in kind [n]
0%
kang(Chinese) a Chinese sleeping-platform [n]
0%
kantto tilt, slope [v]
0%
kara(Punjabi) a steel bangle, worn by Sikhs [n]
0%
keelthe part of a ship along the bottom from stem to stern [n]
0%
keento wail loudly over the dead [v]
0%
keepto retain in one's possession [v]
0%
kelpa type of seaweed [n]
0%
kempto strive to win [v]
0%
kent(Scots) to steer by a punting pole [v]
0%
keptto retain in one's possession [v]
0%
kernto be formed with a projecting typeface [v]
0%
keysto enter (data) into a computer [v]
0%
khan(Turkish) an Asian prince or chief; a governor [n]
0%
kidsto tease, deceive [v]
0%
kieva dish made of thin fillets of meat, esp. chicken (chicken kiev), filled with butter, etc., coated with breadcrumbs, and fried [n]
0%
killto put to death [v]
0%
kilnto bake in a type of oven [v]
0%
kiloa short form of kilogram [n]
0%
kindgood to others [adj]
0%
kinga male hereditary chief ruler or titular head of a nation [n]
0%
kinoa red gum containing tannin, obtained from several tropical trees [n]
0%
kirk(Scots) to perform a church service with [v]
0%
kissto caress by touching with the lips [v]
0%
kiteto obtain money fraudulently [v]
0%
kitsto equip, fit out [v]
0%
kneeto strike with a joint of the leg [v]
0%
knewto have a true understanding of [v]
0%
knitto make a garment by joining loops of yarn [v]
0%
knoba rounded protuberance [n]
0%
knotto tie with a closed loop [v]
0%
knowto have a true understanding of [v]
0%
kohl(Arabic) a black powder used as eye makeup [n]
0%
kolaa genus of West African trees producing nuts used in drugs and for flavouring soft drinks [n]
0%
kyle(Gaelic) a narrow strait [n]
0%
labs(short for) a laboratory [n]
0%
laceto draw together two edges with a cord [v]
0%
lackto be without [v]
0%
lacyresembling lacework [adj]
0%
ladsa boy or youth [n]
0%
ladya woman of refinement and gentle manners [n]
0%
lagsto fall behind [v]
0%
laid(Scots) to load [v]
0%
lainto make an intentional false statement [v]
0%
lairthe den or retreat of a wild animal [n]
0%
laketo sport or play also LAIK [v]
0%
lakh(Hindi) a unit of counting, one hundred thousand [n]
0%
lamaa Buddhist monk [n]
0%
lamba young sheep [n]
0%
lamedisabled in the legs [adj]
0%
lampto supply with a light [v]
0%
lanathe wood of the genipap, a large West Indian tree [n]
0%
landto set down on solid ground [v]
0%
lanea narrow passageway [n]
0%
lang(Scots) long [adj]
0%
lapsto extend beyond some limit [v]
0%
lardto smear with the melted fat of pigs [v]
0%
larkto behave playfully [v]
0%
larsthe god of a house [n]
0%
lashto strike with a whip [v]
0%
lass(Scots) a girl [n]
0%
lastcoming after all others in sequence [adj]
0%
latecoming after the expected time [adj]
0%
lathto cover with thin strips of wood [v]
0%
laudto praise [v]
0%
lavamolten rock that issues from a volcano [n]
0%
lave(archaic) to wash, bathe [v]
0%
lawk(dialect) an interjection expressing surprise [interj]
0%
lawna smooth space of ground covered with grass [n]
0%
laws(obsolete) to take to court [v]
0%
laysto deposit as a wager [v]
0%
lazyto move or lie sluggishly [v]
0%
leadto go in advance [v]
0%
leafto turn pages rapidly [v]
0%
leakto seep through [v]
0%
leam(archaic) to gleam, glow [v]
0%
leanto incline or tilt [v]
0%
leap(Scots) to spring off the ground [v]
0%
lear(Scots) to teach [v]
0%
lees(Scots) to lie, make a false statement [v]
0%
leftthe left side or hand [n]
0%
legsto walk briskly [v]
0%
lendto give for a time only [v]
0%
lensa piece of transparent matter with one or both surfaces curved to cause regular convergence or divergence of rays passing through it [n]
0%
lentto give for a time only [v]
0%
lessa smaller portion [n]
0%
lest(Spenser) to listen [v]
0%
letsto allow [v]
0%
levyto impose or collect by legal authority [v]
0%
lewdsexually suggestive [adj]
0%
liarone that speaks falsely [n]
0%
liasthe lowest series of rocks of the Jurassic system [n]
0%
licea parasitic insect [n]
0%
lickto lap, taste or moisten with the tongue [v]
0%
lidsto provide with a lid [v]
0%
lied(German) a German song [n]
0%
liena right to keep possession of property belonging to another person until a debt due by that person is discharged [n]
0%
liesto make an intentional false statement [v]
0%
lieu(French) a place or stead, esp. in the phrase in lieu of [n]
0%
lifethe state of functional activity [n]
0%
liftto raise higher [v]
0%
liketo be fond of [v]
0%
lilyany plant or flower of the genus Lilium [n]
0%
limaan edible seed of a tropical American plant [n]
0%
limbto cut off the arms or legs [v]
0%
limecalcium oxide [n]
0%
limplacking rigidity [adj]
0%
linda lime-tree [n]
0%
lineto mark out with slender, continuous marks [v]
0%
lingany of various plants of the heath family, esp. heather [n]
0%
linkto connect [v]
0%
linn(Scots) a waterfall [n]
0%
lintan absorbent cotton or linen fabric with the nap raised on one side, used to dress wounds, etc. [n]
0%
liona large, carnivorous, feline animal [n]
0%
lipsto touch with the flesh around the mouth [v]
0%
lira(Italian) an Italian unit of currency [n]
0%
lire(Italian) an Italian unit of currency [n]
0%
lispto pronounce the letters S and Z imperfectly [v]
0%
listto write down in a particular order [v]
0%
liteof food and drink, low in calories, alcoholic content, etc. [adj]
0%
liveto function as a living thing [v]
0%
loafto pass time idly [v]
0%
loama soil consisting of a natural mixture of clay and sand, with animal and vegetable matter [n]
0%
loanto lend [v]
0%
lobea rounded, projecting anatomical part [n]
0%
loch(Scots) a lake [n]
0%
locian engine used in logging [n]
0%
lockto secure with a fastening device [v]
0%
locoa locomotive [n]
0%
lodea deposit of valuable ore occurring between definite limits in the surrounding rock [n]
0%
loftto propel high into the air [v]
0%
logoa small design used as the symbol of an organisation etc. [n]
0%
logsto fell timber [v]
0%
loinmeat from the lower part of an animal's back [n]
0%
lometo cover with loam [v]
0%
lonesolitary [adj]
0%
longextending for a considerable distance [adj]
0%
lookto use one's sight [v]
0%
loomto appear indistinctly as in a mirage [v]
0%
loopto form oval openings [v]
0%
lootto plunder [v]
0%
lopeto run with a long stride [v]
0%
lordto rule over others [v]
0%
lorea traditional knowledge or belief [n]
0%
loseto misplace or be deprived of [v]
0%
losh(Scots) an interjection, Lord [interj]
0%
lossthe act of one that loses [n]
0%
lostto misplace or be deprived of [v]
0%
lothunwilling [adj]
0%
lotsto separate into batches [v]
0%
loudstrongly audible [adj]
0%
loveto feel great affection for [v]
0%
lowe(Scots) to blaze [v]
0%
lowsto utter the sound of cattle [v]
0%
lucethe pike or jack, a freshwater fish [n]
0%
luckto succeed by chance or good fortune [v]
0%
lukemoderately warm; tepid [adj]
0%
lullto cause to sleep or rest [v]
0%
luluan outstandingly bad or impressive person or thing [n]
0%
luna(Latin) a North American moth with crescent-shaped markings [n]
0%
lunga respiratory organ [n]
0%
lureto attract with something desirable [v]
0%
lurkto lie in wait [v]
0%
lushabounding in vegetation [adj]
0%
lustto have a strong sexual desire for [v]
0%
lutean old stringed instrument shaped like half a pear [n]
0%
lutza jump in figure skating [n]
0%
lymea kind of bloodhound [n]
0%
lynxan animal of the Lynx genus of wild cats [n]
0%
lyrean ancient harp-like instrument [n]
0%
maceto attack with a club-like weapon [v]
0%
macha number relating the speed of a body to the speed of sound [n]
0%
madeto cause to exist [v]
0%
magi(Latin) a magician [n]
0%
mahaas in maha yoga, a form of yoga practised with a master that incorporates all eight classical yogas [adj]
0%
maidto work as a maidservant [v]
0%
mailto send by the government postal system [v]
0%
mainchief, principal [adj]
0%
mair(Scots) more [n]
0%
maketo cause to exist [v]
0%
mala(Hindi) a string of beads or knots used in prayer [n]
0%
malean individual that begets young by fertilizing the female [n]
0%
mali(Hindi) a member of the gardener caste in India [n]
0%
mallto beat, batter [v]
0%
maltbarley or other grain prepared for brewing or distilling [n]
0%
mamaa child's name for mother [n]
0%
mana(Maori) a supernatural force in certain Pacific island religions [n]
0%
manethe long hair that grows on the neck of some animals [n]
0%
manoa stone roller used in Mexico etc. for grinding maize [n]
0%
mansto provide with workers [v]
0%
manya great number [n]
0%
mapsto plan a layout of [v]
0%
maraa large rodent, like a cavy, found in Patagonia [n]
0%
marc(French) the residue remaining after a fruit has been pressed [n]
0%
marea female horse [n]
0%
markto impress or stamp with a sign [v]
0%
marlto fertilize with a calcareous clay [v]
0%
marsto spoil or damage [v]
0%
martto sell, trade [v]
0%
mary(Australian slang) a woman, esp. an aboriginal woman [n]
0%
mashto pound down and crush together [v]
0%
maskto cover, cloak or disguise [v]
0%
mastto provide with a long pole that supports a ship's sails [v]
0%
mateto couple with [v]
0%
math(short for) mathematics [n]
0%
matsto tangle closely [v]
0%
matta nonglossy surface, as on paint [n]
0%
mauda Scottish gray and black plaid [n]
0%
mawr(dialect) a girl, esp. a great awkward girl [n]
0%
maya(Sanskrit) in Buddhist philosophy, the power to produce illusions [n]
0%
mayo(short for) mayonnaise [n]
0%
maysto gather flowers in the spring [v]
0%
mazeto bewilder [v]
0%
meadan alcoholic liquor produced by fermenting a mixture of honey and water [n]
0%
mealgrain ground to powder [n]
0%
meanstingy; low [adj]
0%
meatanimal flesh used as food [n]
0%
mech(short for) mechanic [n]
0%
meekhaving a mild and gentle temper [adj]
0%
meerto mark off [v]
0%
meetsuitable [adj]
0%
megavery big [adj]
0%
mein(Scots) to lament, moan [v]
0%
meltto change from a solid to a liquid state by heat [v]
0%
memea practice or belief passed on other than by genes [n]
0%
memoa brief note used as a reminder [n]
0%
mendto repair [v]
0%
meng(archaic) to mix; to unite, couple [v]
0%
ment(archaic) to mix; to unite, couple [v]
0%
menu(French) a list of dishes that may be ordered in a restaurant [n]
0%
merenothing more, nothing better [adj]
0%
mesa(Spanish) a flat-topped hill with steep sides [n]
0%
meta(US) concerned with cultural conventions; (of an artistic work) self-referential [adj]
0%
metha stimulant drug [n]
0%
micea small rodent [n]
0%
michto play truant [v]
0%
midia skirt or coat that extends to the middle of the calf [n]
0%
mien(French) an air or look [n]
0%
mihi(Maori) a ceremonial greeting [n]
0%
mike(short for) microphone [n]
0%
mildgentle in temper and disposition [adj]
0%
milea unit of distance [n]
0%
miloa drought-resistant variety of sorghum [n]
0%
mimeto mimic [v]
0%
minaan ancient unit of weight and value [n]
0%
mindto heed, to look after [v]
0%
mineto dig for valuable materials [v]
0%
mingto mix [v]
0%
minisomething small of its type [n]
0%
minka carnivorous mammal of the weasel family [n]
0%
mintto process or stamp coins [v]
0%
mireto sink in mud [v]
0%
misethe issue in a writ of right [n]
0%
missto fail to make contact with [v]
0%
mistwatery vapour seen in the atmosphere [n]
0%
miteany of various tiny arachnids of the order Acarida [n]
0%
mittany of various glove-like hand coverings, such as one that does not cover the fingers [n]
0%
moanto utter a low, mournful sound [v]
0%
moatto surround with a water-filled trench [v]
0%
mobsto crowd about [v]
0%
moby(slang) a mobile phone [n]
0%
mockto ridicule [v]
0%
modea way or manner of acting [n]
0%
mohr(Arabic) a West African gazelle [n]
0%
moldto work into a particular shape [v]
0%
molethe quantity of a compound that has a weight equal to the compound's molecular weight [n]
0%
molla gangster's girlfriend [n]
0%
moltto shed feathers or fur [v]
0%
moms(US colloquial) mother [n]
0%
mona(Spanish) a West African monkey [n]
0%
monka man who is a member of a religious order [n]
0%
monothe black howler monkey of Central America [n]
0%
mons(Latin) a protuberance of the body [n]
0%
mooda temporary state of the emotions or attitude [n]
0%
moonto wander about listlessly [v]
0%
moorto secure a vessel by cable or anchor [v]
0%
mootto bring up for discussion [v]
0%
mora(Latin) a unit of metrical time in prosody [n]
0%
morea greater amount [n]
0%
mornmorning [n]
0%
morta note on a hunting horn sounded to announce a kill [n]
0%
mossa class of Bryophyta, small plants [n]
0%
mostin the highest degree [adj]
0%
motea speck of dust [n]
0%
motha winged insect [n]
0%
mots(French) a witty saying [n]
0%
mott(US) a clump of trees, esp. on a prairie [n]
0%
moveto change from one position to another [v]
0%
muchplentiful [adj]
0%
muckto manure with dung [v]
0%
mugsto assault with intent to rob [v]
0%
muir(Scots) a moor [n]
0%
muleto strike a coin from dies belonging to two different issues as a coin [v]
0%
mullto ponder [v]
0%
munia security issued by a government [n]
0%
museto ponder [v]
0%
mushto reduce to mush [v]
0%
muskto perfume with a strong-smelling substance [v]
0%
mustto powder [v]
0%
mutedumb [adj]
0%
mwaha representation of the sound of a kiss [interj]
0%
mytha type of traditional story [n]
0%
nach(Hindi) an entertainment in India consisting chiefly of dancing by professional dancing girls [n]
0%
nada(Spanish) nothingness [n]
0%
naga(Sanskrit) a snake, esp. the cobra; a divine snake in Hindu mythology [n]
0%
nailto fasten with a long slender piece of metal [v]
0%
nameto give a title to [v]
0%
nana(Australian slang) an idiot, a fool [n]
0%
nanothe science that deals with materials on an atomic or molecular scale [n]
0%
napaa kind of soft leather prepared from sheep- or goatskin by a special tawing process [n]
0%
napeto attack with napalm [v]
0%
navethe main body of a church [n]
0%
navya nation's warships [n]
0%
nealan aphetic form of anneal, to heat and cool metal gradually to temper [v]
0%
nearsituated within a short distance [adj]
0%
neattidy [adj]
0%
neckto kiss and caress in lovemaking [v]
0%
needto have an urgent or essential use for [v]
0%
neona gaseous element [n]
0%
nessa headland [n]
0%
netsto catch in an openwork fabric [v]
0%
newsto report recent events [v]
0%
newta tailed amphibian of the salamander family [n]
0%
nextnearest [adj]
0%
niceagreeable; precise [adj]
0%
nickto make a shallow cut in [v]
0%
nighnear [adj]
0%
nilsnothing [n]
0%
ninethe cardinal number above eight [n]
0%
nisi(Latin) taking effect at a specified date unless cause is shown otherwise, as in decree nisi [adj]
0%
noah(Australian slang) a shark [n]
0%
nodea swollen enlargement [n]
0%
nodsto give a quick forward motion of the head [v]
0%
noela Christmas carol [n]
0%
noir(French) a type of crime fiction [n]
0%
nome(Greek) a province or department esp. in ancient Greece [n]
0%
nonenot one [pron]
0%
nooka corner in a room [n]
0%
noonto rest at midday [v]
0%
nope(colloquial) no [interj]
0%
norma standard regarded as typical for a specific group [n]
0%
noseto sniff with a smelling organ [v]
0%
nota(Greek) part of the thorax of an insect [n]
0%
noteto write down [v]
0%
nouna word used to denote the name of something [n]
0%
nous(Greek) intellect, common sense [n]
0%
nova(Latin) an exploding star [n]
0%
nudewithout clothes [adj]
0%
nullto annul, make void [v]
0%
numblacking feeling [adj]
0%
nunsa woman belonging to a religious order [n]
0%
nursa knot in wood [n]
0%
nutsto gather hard-shelled dry fruit [v]
0%
nyahan interjection used to express contempt for another [interj]
0%
oaksa hardwood tree [n]
0%
oarsto propel a boat with long, broad-bladed poles [v]
0%
oatha formal declaration or promise to fulfill a pledge [n]
0%
oatsa kind of cereal grass [n]
0%
obeyto do as one is told [v]
0%
oboea kind of woodwind instrument [n]
0%
oddsin golf, an additional or allowed stroke [n]
0%
odesan elaborate lyric addressed to someone or something [n]
0%
odorany smell, whether fragrant or offensive [n]
0%
odsoan expression of surprise [interj]
0%
offsto go away [v]
0%
ohmsa unit of electrical resistance [n]
0%
oilsto lubricate with a greasy substance [v]
0%
oilycovered in oil [adj]
0%
okayto approve, pass as OK [v]
0%
oldsa person of a specified age [n]
0%
omento provide with a prophetic sign [v]
0%
omer(Hebrew) a Hebrew unit of dry measure [n]
0%
omitto leave out [v]
0%
onceone time [n]
0%
onesan individual thing or person; the number or figure 1 [n]
0%
onlystanding alone [adj]
0%
ontoforward to [prep]
0%
onus(Latin) responsibility [n]
0%
oozeto leak slowly [v]
0%
opalan amorphous variety of silica [n]
0%
openaffording unobstructed access, passage, or view [adj]
0%
opus(Latin) a work, esp. an artistic or literary work [n]
0%
oralrelating to the mouth; uttered by the mouth [adj]
0%
oresrock containing a valuable metal [n]
0%
otto(Persian) a fragrant essential oil made from the damask rose [n]
0%
ould(Irish) old [adj]
0%
oursbelonging to us [pron]
0%
oustto expel or remove from a position or place [v]
0%
outsto reveal [v]
0%
ovalegg-shaped [adj]
0%
ovena closed space for baking [n]
0%
overabove, in excess [adj]
0%
ovumthe female reproductive cell [n]
0%
owedto be indebted for [v]
0%
owesto be indebted for [v]
0%
owlsto smuggle wool or sheep [v]
0%
ownsto have as a possession [v]
0%
oxena hoofed mammal [n]
0%
paceto walk with measured steps [v]
0%
packto enclose for transportation or storage [v]
0%
pacsa shoe patterned after a moccasin [n]
0%
pactan agreement [n]
0%
padsto stuff or fill with soft material [v]
0%
pageto summon by calling by name [v]
0%
paidto give money in exchange for goods or services [v]
0%
paila watertight cylindrical container [n]
0%
painto cause suffering or distress [v]
0%
pairto arrange in sets of two [v]
0%
pais(archaic) the people from whom a jury is drawn [n]
0%
palelacking colour [adj]
0%
pali(Hawaiian) a cliff in Hawaii [n]
0%
pallto grow wearisome [v]
0%
palmto touch with the inside of the hand [v]
0%
palsto associate as friends [v]
0%
paneto insert panels in [v]
0%
pangto inflict a violent but brief pain [v]
0%
pansto criticize harshly [v]
0%
pantto breathe quickly and with difficulty [v]
0%
papaa father [n]
0%
para(Turkish) a small Turkish coin [n]
0%
pareto shave or cut off the outer surface [v]
0%
parkto leave a vehicle in a certain location for a time [v]
0%
parra young salmon, during its freshwater days [n]
0%
parsto score a certain number of golf strokes [v]
0%
partto divide, separate or break [v]
0%
passto go by [v]
0%
pasttime gone by [n]
0%
patethe top of the head [n]
0%
patha way trodden out by the feet [n]
0%
paulan obsolete papal coin [n]
0%
paveto cover with material that forms a firm, level surface [v]
0%
pawnto deposit as security for something borrowed [v]
0%
pawsto draw the forefoot along the ground [v]
0%
paysto give money in exchange for goods or services [v]
0%
peakto reach a maximum [v]
0%
pealto ring out [v]
0%
peara fleshy fruit [n]
0%
peasthe edible seed of an annual herb [n]
0%
peata substance composed of partially decayed vegetable matter [n]
0%
peckto strike with a beak [v]
0%
peekto sneak a sly look [v]
0%
peelto remove the outer covering of a fruit [v]
0%
peerto look narrowly or searchingly [v]
0%
pegsto fasten with a wooden pin [v]
0%
pellto strike or thump violently [v]
0%
peltto shower blows or missiles [v]
0%
pensto write, or commit to paper [v]
0%
pere(French) father [n]
0%
peri(Persian) a supernatural being of Persian mythology [n]
0%
permto permanent wave the hair [v]
0%
pertimpudent, jaunty [adj]
0%
peso(Spanish) a monetary unit of various Spanish-speaking countries [n]
0%
pestan annoying person or thing [n]
0%
petsto caress with the hand [v]
0%
pewsa bench for seating people in church [n]
0%
pfftused to express a sudden ending [interj]
0%
pfuian exclamation of contempt, scorn etc. [interj]
0%
phewan exclamation of relief, astonishment etc. [interj]
0%
phohan expression of disgust [interj]
0%
picaan old type size, approximately, and still used synonymously for, 12-point [n]
0%
pickto choose [v]
0%
piedto mix printing type indiscriminately [v]
0%
piera structure extending from land out over water [n]
0%
piesto mix printing type indiscriminately [v]
0%
pigsto give birth to cloven-hoofed mammals [v]
0%
piketo pierce with a long spear [v]
0%
pileto lay one upon the other [v]
0%
pillto administer small, rounded balls of medicine [v]
0%
pineto languish with longing [v]
0%
pingto produce a brief, high-pitched sound [v]
0%
pinkof a pale red colour [adj]
0%
pinsto fasten with a pin [v]
0%
pinta measure of capacity equal to half a quart or 4 gills [n]
0%
pionan elementary particle of the meson family [n]
0%
pipeto convey by means of a hollow cylinder [v]
0%
pithto sever the central nervous system of [v]
0%
pitsto mark with depressions [v]
0%
pityto feel sorrow at another's misfortune [v]
0%
planto formulate an idea [v]
0%
platto braid [v]
0%
playto engage in recreation [v]
0%
pleato dispute in a court [v]
0%
plotto plan secretly [v]
0%
plowto turn soil with a farm implement [v]
0%
ployto move from a line into column [v]
0%
plugto fill a hole with a material [v]
0%
pluma fleshy fruit [n]
0%
plusto increase in value [v]
0%
poco(Italian) as a musical direction, a little [adv]
0%
podsto produce seed coverings [v]
0%
poema composition in verse [n]
0%
poetone who writes poems [n]
0%
poketo prod [v]
0%
poleto propel with a long stick [v]
0%
polkto dance a polka [v]
0%
pollto assess public opinion votes [v]
0%
poloa game played on horseback [n]
0%
poly(short for) a polytechnic [n]
0%
pompstately or splendid display [n]
0%
pondto collect water in a small depression [v]
0%
pongto stink [v]
0%
pons(Latin) a bridge of nerve fibres in the brain [n]
0%
pontin South Africa, a small ferryboat guided across a narrow stretch of water by a rope or cable [n]
0%
ponya small horse [n]
0%
poohto express contempt for [v]
0%
poolto contribute to a common fund [v]
0%
poopto tire out [v]
0%
poorlacking the means of support [adj]
0%
popea small freshwater fish, aka ruffe [n]
0%
popsto make a sharp, small, explosive sound [v]
0%
poreto examine closely [v]
0%
porkthe flesh of swine used as food [n]
0%
pornpornography [n]
0%
portto carry, convey [v]
0%
poseto assume a fixed position [v]
0%
postto display in a public place [v]
0%
potsto put into a round, deep container [v]
0%
potta size of paper [n]
0%
pourto cause to flow [v]
0%
pows(Scots) the head [n]
0%
prayto intercede or ask earnestly [v]
0%
prema premature baby [n]
0%
prep(short for) to prepare [v]
0%
preyto exploit or terrorize victims [v]
0%
primrigidly proper [adj]
0%
prob(colloquial) a problem [n]
0%
prof(short for) professor [n]
0%
progto forage for food [v]
0%
proma school or college dance [n]
0%
proo(Scots) a call to a cow to come near [interj]
0%
propto hold up [v]
0%
pros(short for) a professional, or prostitute [n]
0%
prowthe front part of a ship [n]
0%
pruh(Scots) a call to a cow to come near [interj]
0%
psstan interjection used to attract attention [interj]
0%
ptuian imitation of the sound of someone spitting [interj]
0%
pubsPUB [n]
0%
pucka thick rubber disc used in ice hockey [n]
0%
puffto blow in short gusts [v]
0%
pugh(obsolete) an expression of contempt [interj]
0%
pulpto reduce to a soft, moist mass of matter [v]
0%
pumpto propel liquid by a motor [v]
0%
punkof inferior quality [adj]
0%
punsto make a play on words [v]
0%
punyof inferior size, strength or significance [adj]
0%
pupa(Latin) an insect in the stage between larva and imago [n]
0%
pupsto give birth to puppies [v]
0%
purefree from stain [adj]
0%
puri(Hindi) in India, a small cake of unleavened bread fried in vegetable oil [n]
0%
pushto thrust or press against [v]
0%
putsto place in position [v]
0%
pyrea pile of combustible material [n]
0%
quadto space by means of quadrats [v]
0%
quai(French) a quay [n]
0%
quaya wharf for the loading or unloading of vessels [n]
0%
quep(obsolete) an interjection expression remonstrance [interj]
0%
quida cut or wad or something chewable [n]
0%
quin(short for) a quintuplet [n]
0%
quitto end one's engagement in or occupation with [v]
0%
quizto interrogate [v]
0%
quodto imprison [v]
0%
rabi(Urdu) the spring grain harvest in India and Pakistan [n]
0%
raceto compete in a contest of speed [v]
0%
rackto place in a type of frame [v]
0%
raftto ride on water on a floating mass [v]
0%
rageto react with violent anger [v]
0%
ragsto tease or ridicule [v]
0%
railto scold in abusive or insolent language [v]
0%
rainto fall in drops of water [v]
0%
raja(Hindi) an Indian ruler [n]
0%
raketo gather with a toothed bar on a handle [v]
0%
rami(Malay) Rhea or China grass, a plant of the nettle family [n]
0%
rampto swindle, esp. by the practice of causing large, false increases in the price of shares etc. by dishonest means [v]
0%
ramsto thrust roughly with force [v]
0%
rana(Hindi) a Rajput prince [n]
0%
randto rant [v]
0%
ranga row of long lots along a road [n]
0%
rani(Hindi) the wife of a rajah [n]
0%
rankdisagreeable in odour or taste [adj]
0%
rapeto take by force; to violate [v]
0%
rarenot common [adj]
0%
rashacting without forethought [adj]
0%
rata(Maori) a myrtaceous New Zealand tree with hard red wood and bearing crimson flowers [n]
0%
rateto estimate the value of [v]
0%
rathan ancient hill fort [n]
0%
ratsto hunt long-tailed rodents [v]
0%
raveto utter wildly or incoherently [v]
0%
raysto emit a narrow beam of light [v]
0%
readto look at and understand written matter [v]
0%
realgenuine [adj]
0%
reapto cut for harvest [v]
0%
rearto lift upright [v]
0%
redoa repeated action [n]
0%
redsto put in order [v]
0%
reeda tall stiff hard-culmed marsh or water grass of various kinds [n]
0%
reefto reduce the area of a sail [v]
0%
reelto wind on a type of rotary device [v]
0%
rees(Scots) a walled enclosure for sheep [n]
0%
refsto referee [v]
0%
regs(short for) a regulation [n]
0%
reinto restrain [v]
0%
reistwigs or small branches [n]
0%
relyto depend on confidently [v]
0%
rendto tear apart forcibly [v]
0%
rentto hire [v]
0%
repsto act as a commercial representative [v]
0%
restto stop work or activity for repose [v]
0%
rheaa flightless bird [n]
0%
ribsto poke fun at [v]
0%
riceto form soft foods by pressing through a ricer [v]
0%
richwealthy [adj]
0%
rickto pile hay in stacks [v]
0%
rifeabundant, prevalent [adj]
0%
riftto form a fissure [v]
0%
rigsto equip or fit with sails [v]
0%
rimehoarfrost [n]
0%
rimsto provide with an outer edge [v]
0%
rindto cover with bark, encrust [v]
0%
ringto give forth a clear, resonant sound [v]
0%
rinkto skate at an amusement venue [v]
0%
riotto take part in a violent public disturbance [v]
0%
ripeready for harvest [adj]
0%
riseto move upward [v]
0%
riskto expose to loss or injury [v]
0%
ritea ceremonial act or procedure [n]
0%
rivo(Shakespeare) a drinking cry [interj]
0%
roada way for public transport [n]
0%
roamto move about without purpose or plan [v]
0%
roan(Scots) a roof-gutter [n]
0%
roarto utter a full, loud sound of a lion [v]
0%
robeto dress [v]
0%
robsto steal [v]
0%
rodeto perform an evening flight [v]
0%
rodsto clear a drain with a long slender pole [v]
0%
rolea part played by an actor [n]
0%
rolfto perform a deep massage [v]
0%
rollto move along by repeatedly turning over [v]
0%
rooda cross or crucifix at the entrance to a church chancel [n]
0%
roofto provide a building with a covering [v]
0%
rookto swindle [v]
0%
roomto occupy a room [v]
0%
rootto implant in the earth [v]
0%
ropeto bind with thick twisted fibre [v]
0%
rory(Scots) noisy, garish [adj]
0%
roseto redden [v]
0%
rosyrose-coloured [adj]
0%
roteusing mechanical memory, repetition or performance without regard to the meaning [adj]
0%
routto defeat utterly [v]
0%
roux(French) a thickening made of equal quantities of butter and flour mixed together [n]
0%
rowsto propel by means of oars [v]
0%
rubsto apply friction [v]
0%
rubya pure transparent red corundum [n]
0%
rudeboorish [adj]
0%
rudy(In Jamaica) a member of a group of lower- or working-class teenagers in the 1960s, noted for listening to ska music and for juvenile delinquency [n]
0%
rugs(Scots) to pull roughly [v]
0%
ruinto destroy [v]
0%
ruleto exercise control over [v]
0%
rumpto turn one's back on [v]
0%
runga crosspiece forming a step of a ladder [n]
0%
runsto move by rapid steps [v]
0%
rushto move swiftly [v]
0%
ruska light, soft-textured sweetened biscuit [n]
0%
rustto form a coat as on iron [v]
0%
ruth(archaic) compassion, pity [n]
0%
rutsto make grooves in [v]
0%
sackto put into a large bag [v]
0%
sacsin biology, a baglike structure [n]
0%
safesecure [adj]
0%
sagaa series of novels dealing with a family history [n]
0%
sagewise [adj]
0%
sago(Malay) a type of palm tree; a nutritive cereal derived from its pith [n]
0%
said(Arabic) a descendant of Mohammed's daughter Fatima [n]
0%
sailto be pushed in a boat by the wind [v]
0%
sakebenefit or advantage [n]
0%
salethe act of selling [n]
0%
saltsodium chloride [n]
0%
sameresembling in every relevant respect [adj]
0%
sandto cover with a loose granular rock material [v]
0%
sanementally sound [adj]
0%
sang(Chinese) a Chinese organ played by mouth [n]
0%
sankto subside to a lower level [v]
0%
sans(French) without; deprived or destitute of [prep]
0%
sant(Hindi) in Sikhism, a devout person, a saint [n]
0%
sari(Hindi) an outer garment worn by Hindu women [n]
0%
sars(Scots) to savour [v]
0%
sasha band or scarf worn round the waist or over the shoulder [n]
0%
sateto satisfy to capacity [v]
0%
sati(Sanskrit) the act of a Hindu widow willingly being cremated on the funeral pyre of her husband [n]
0%
saul(Scots) a soul [n]
0%
saveto rescue from danger, injury or loss [v]
0%
sawnto cut with a jagged-edged tool [v]
0%
sawsto cut with a jagged-edged tool [v]
0%
saxeas in saxe blue, a light bluish-grey colour [adj]
0%
saysto utter in words, speak [v]
0%
scabto become covered with a crust over a healing wound [v]
0%
scanto examine closely [v]
0%
scarto leave a mark of injured tissue [v]
0%
scot(historical) money assessed or paid [n]
0%
sealto close or make secure [v]
0%
seamto join by sewing together [v]
0%
seanto catch fish in a net [v]
0%
seasa great expanse of water [n]
0%
seatto place on a chair [v]
0%
secta group of people united by common beliefs [n]
0%
seedto sow a crop [v]
0%
seekto go in search of [v]
0%
seemto appear to be [v]
0%
seento observe with the eyes [v]
0%
seepto pass slowly through small openings [v]
0%
seera prophet [n]
0%
seesto observe with the eyes [v]
0%
selfone's own person [n]
0%
sellto give up for money [v]
0%
semia semidetached house [n]
0%
sena(Hindi) in India, an army, esp. used of paramilitary organisations representing various castes [n]
0%
sendto cause to go [v]
0%
sens(obsolete) since [adv]
0%
sent(obsolete) to scent [v]
0%
septa division of a tribe; a clan [n]
0%
sera(Latin) the watery portion of whole blood [n]
0%
serfa person in modified slavery, esp. one bound to work on the land [n]
0%
sese(Shakespeare) enough said [interj]
0%
sessa tax, a local rate for the maintenance of soldiers [n]
0%
setsto put in a particular position [v]
0%
setta badger's home [n]
0%
sewnto mend or fasten with a needle and thread [v]
0%
sexyarousing sexual desire [adj]
0%
shada herring-like marine fish, spawning in rivers [n]
0%
shah(Persian) a title of the monarch of Iran (Persia) [n]
0%
shamto feign [v]
0%
shan(obsolete) in criminal slang, a base or counterfeit coin [n]
0%
shaw(Scots) to show [v]
0%
sheaan African tree, from the seeds of which a substance resembling butter is obtained [n]
0%
shedto cast off [v]
0%
shen(Chinese) the spiritual element of a person's psyche [n]
0%
shew(archaic) to show [v]
0%
shhhan interjection requesting quietness [interj]
0%
shinto climb by gripping with the hands and legs [v]
0%
shipto transport in a seagoing vessel [v]
0%
shodto provide with a covering for the foot [v]
0%
shoeto provide with a covering for the foot [v]
0%
shopto engage in the buying of goods [v]
0%
shotto load with small pellets [v]
0%
showto cause or permit to be seen [v]
0%
shri(Sanskrit) in India, a title of great respect given to a man [n]
0%
shunto avoid [v]
0%
shutto close [v]
0%
sich(archaic) such [adj]
0%
sickaffected with ill health [adj]
0%
sideto support or agree with [v]
0%
sies(South African) an expression of disgust [interj]
0%
siftto pass through a strainer [v]
0%
sighto emit a deep, audible breath [v]
0%
signto write one's name [v]
0%
silkto cover with a soft lustrous fabric [v]
0%
silla part of a window [n]
0%
siloto store in a large cylindrical structure [v]
0%
siltto fill with a fine sediment [v]
0%
sims(short for) simulation or for Simeonite, an evangelical follower of Charles Simeon [n]
0%
sind(Scots) to rinse, wash out [v]
0%
sine(Scots) to rinse, wash out [v]
0%
singto utter melodious musical sounds [v]
0%
sinkto subside to a lower level [v]
0%
sireto beget [v]
0%
sirsto use a respectful form of address to a man [v]
0%
siteto place in position for operation [v]
0%
sitsto rest on the buttocks [v]
0%
sizeto cover with a weak gluey material [v]
0%
sjoe(South African) expressing surprise, admiration etc. [interj]
0%
skewoblique, biased [adj]
0%
skidto slide on account of a loss of traction [v]
0%
skimto remove floating matter from the surface [v]
0%
skinto remove the natural outer covering of tissue or hide [v]
0%
skipto move with light springing steps [v]
0%
skisto travel over snow on narrow strips of wood [v]
0%
slabto cover with flat, broad pieces of material [v]
0%
slagto criticize, mock or deride [v]
0%
slamto shut forcibly and noisily [v]
0%
slapto strike with the open hand [v]
0%
slayto kill [v]
0%
sledto transport on a wheelless structure over snow [v]
0%
slewto cause to move sideways [v]
0%
slidto move smoothly along a surface [v]
0%
slimslender [adj]
0%
slipto slide suddenly and accidentally [v]
0%
slitto make a long narrow cut in [v]
0%
slotto cut a long narrow opening in [v]
0%
slowto reduce speed [v]
0%
slugto strike heavily [v]
0%
slumto visit squalid urban areas [v]
0%
smoga mixture of smoke and fog [n]
0%
smugcomplacent [adj]
0%
snapto make a sharp, cracking sound [v]
0%
snowto rain white frozen crystals [v]
0%
snugcosy [adj]
0%
soakto saturate in liquid [v]
0%
soapto treat with a cleansing agent [v]
0%
sobsto cry with a convulsive catching of the breath [v]
0%
sockto strike forcefully [v]
0%
sodaany of a number of common sodium compounds [n]
0%
softnot hard [adj]
0%
soho(Shakespeare) a huntsman's halloo [interj]
0%
soilto make dirty [v]
0%
sola(Hindi) an Indian plant with a pith used in making tropical hats, aka spongewood [n]
0%
sold(Spenser) pay, remuneration [n]
0%
solealone [adj]
0%
soloa performance by one person [n]
0%
soma(Greek) the whole axial portion of an animal, including the head, neck, trunk, and tail [n]
0%
somebeing an unspecified number or part [adj]
0%
sonsa male offspring [n]
0%
sootto cover with a residue of burning [v]
0%
soresensitive to pain [adj]
0%
sortto arrange in class, kind or size [v]
0%
soulthe spiritual aspect of human beings [n]
0%
soupto increase the power or efficiency of [v]
0%
sourhaving an acid taste [adj]
0%
sous(French) a former French coin [n]
0%
sownto scatter seeds for a crop [v]
0%
sowsto scatter seeds for a crop [v]
0%
soyaa dark, salty sauce made from fermented soy beans and wheat flour [n]
0%
spamelectronic junk mail [n]
0%
spanto extend over or across [v]
0%
sparto practise boxing [v]
0%
spatto slap, strike [v]
0%
specto write specifications for [v]
0%
spedto move swiftly [v]
0%
spie(Spenser) a spy [n]
0%
spinto draw out and twist into threads [v]
0%
spitto throw out saliva from the mouth [v]
0%
spotto mark with small round discolourations [v]
0%
spunto draw out and twist into threads [v]
0%
spurto urge on with a horseman's goad [v]
0%
stabto pierce with a pointed weapon [v]
0%
stagto attend a function without a female companion [v]
0%
starto shine as an actor or singer [v]
0%
stat(short for) a statistic [n]
0%
stayto remain in a place or a condition [v]
0%
stemto staunch, stop [v]
0%
stepto measure by pacing [v]
0%
stewto cook by boiling slowly [v]
0%
stirto move around or mix [v]
0%
stopto halt or discontinue [v]
0%
stowto put away [v]
0%
stubto strike accidentally against a projecting object [v]
0%
studto adorn with small projections [v]
0%
substo act as a substitute [v]
0%
suchof that kind [adj]
0%
suedto institute legal proceedings against [v]
0%
suesto institute legal proceedings against [v]
0%
suitto be appropriate [v]
0%
sumsto add, make up the total of [v]
0%
sungto utter melodious musical sounds [v]
0%
sunka turf seat [n]
0%
sura(Arabic) a chapter of the Koran [n]
0%
surecertain [adj]
0%
surfto ride breaking waves on a narrow board [v]
0%
swabto clean with a large mop [v]
0%
swamto propel oneself in water [v]
0%
swanto move like a swan [v]
0%
swapto barter, give in exchange [v]
0%
swatto hit sharply [v]
0%
swayto move slowly back and forth [v]
0%
swimto propel oneself in water [v]
0%
syedto strain [v]
0%
syncto cause to operate in unison [v]
0%
tackto fasten with short, sharp-pointed nails [v]
0%
tactskill in dealing with delicate situations [n]
0%
tagsto provide with an identifying marker [v]
0%
tailto follow closely, to shadow [v]
0%
tainpaper-thin tin plate; tinfoil used as a backing for mirrors [n]
0%
taketo seize possession [v]
0%
talcto treat with a fine powdery mineral [v]
0%
talea story [n]
0%
talkto communicate by speaking [v]
0%
tallhaving great height [adj]
0%
tamenot wild [adj]
0%
tangto ring [v]
0%
tankto store in a container for liquids [v]
0%
taos(Chinese) a path of virtuous conduct in Chinese philosophy [n]
0%
tapea long, narrow strip or band [n]
0%
tapsto strike gently [v]
0%
tara(Maori) a variety of bracken found in New Zealand and Tasmania [n]
0%
tarna small mountain lake [n]
0%
taroa kind of yam, aka dasheen, eddo [n]
0%
tartsharp tasting [adj]
0%
taskto assign a mission to [v]
0%
tate(Scots) a small portion, a pinch [n]
0%
tautstretched tight [adj]
0%
taxaa unit of scientific classification [n]
0%
taxito travel in a taxicab [v]
0%
teak(Malay) an East Indian tree, or its dark heavy timber [n]
0%
teala river duck [n]
0%
teamto join together for joint action [v]
0%
tearto weep [v]
0%
teasto drink a beverage made with tea leaves and boiling water [v]
0%
tech(short for) a technical college [n]
0%
teen(obsolete) to injure [v]
0%
teesto place a golf ball on a small peg [v]
0%
teil(Biblical) an oaklike hardwood tree, the terebinth, which when cut exudes a fragrant resinous juice [n]
0%
tele(short for) television [n]
0%
tempto be employed as a temporary worker [v]
0%
tendto watch over [v]
0%
tensthe next whole number after nine [n]
0%
tenta portable shelter of canvas or other cloth stretched on poles [n]
0%
termto designate [v]
0%
terna long-winged aquatic bird, related to the gulls [n]
0%
testto examine critically [v]
0%
tete(French) an elaborately dressed head of hair; a headdress [n]
0%
textthe main body of a printed work [n]
0%
than(obsolete) then. that time [n]
0%
thar(Nepali) a Himalayan goatlike antelope, aka serow [n]
0%
thatthe one indicated [pron]
0%
thawto melt [v]
0%
theeto use the pronoun thee [v]
0%
themthe objective case of the pronoun they [pron]
0%
thenthat time [n]
0%
theythe 3d person plural pronoun in the nominative case [pron]
0%
thinnot fat [adj]
0%
thisthe person or thing just mentioned [pron]
0%
thouto address as thou [v]
0%
thro(archaic) through [prep]
0%
thru(archaic) through [prep]
0%
thudto make a dull, heavy sound [v]
0%
thusin such a way [adv]
0%
tiana vegetable gratin baked in an earthenware dish [n]
0%
tickto make a sound like a clock [v]
0%
ticsto twitch [v]
0%
tideto flow like the rise and fall of the ocean's waters [v]
0%
tidyin good order [adj]
0%
tiedto fasten [v]
0%
tierto arrange in rows [v]
0%
tiesto fasten [v]
0%
tileto cover with thin slabs of baked clay [v]
0%
tillto prepare land for crops by ploughing [v]
0%
tiltto cause to slant [v]
0%
timeto reckon the speed or duration of [v]
0%
tine(Scots) to lose [v]
0%
tingto emit a high-pitched metallic sound [v]
0%
tinsto coat with a metallic element [v]
0%
tintto colour slightly [v]
0%
tinyvery small [adj]
0%
tipsto give a gratuity [v]
0%
tireto grow tired [v]
0%
toadany anuran amphibian of the class Bufonidae [n]
0%
tobyin thieves' slang, the road [n]
0%
toedto touch with projecting members of the foot [v]
0%
toesto touch with projecting members of the foot [v]
0%
tofu(Japanese) a soft Oriental cheese made from soybean milk [n]
0%
toga(Latin) a garment worn in ancient Rome [n]
0%
toilto work hard [v]
0%
toldto inform [v]
0%
tollto sound, as a large bell does, esp. with slow, measured strokes [v]
0%
tombto place in a burial vault [v]
0%
tomsto engage in prostitution [v]
0%
toneto give a particular tone to [v]
0%
tongto lift with tongs, a grasping device [v]
0%
tonsa unit of weight [n]
0%
tonyhigh-toned [adj]
0%
tookto seize possession [v]
0%
toolto use an implement for manual work [v]
0%
topsto cut off the highest point [v]
0%
torea surface described by rotation of conic section about a line [n]
0%
tori(Latin) a large convex moulding [n]
0%
tornto weep [v]
0%
toro(Spanish) a bull [n]
0%
torra unit of pressure equal to 1/760 of standard atmospheric pressure [n]
0%
torta civil wrong [n]
0%
torya political conservative [n]
0%
tossto throw lightly [v]
0%
tourto travel from place to place [v]
0%
toutto solicit brazenly [v]
0%
townan urban centre of population [n]
0%
toysto amuse oneself with a child's plaything [v]
0%
tramto travel by tramcar [v]
0%
trapto catch in a snare [v]
0%
traythe three in cards or dice [n]
0%
treea tall, woody plant [n]
0%
trekto go on a journey [v]
0%
tres(French) very [adv]
0%
trie(Spenser) to try [v]
0%
trimneat [adj]
0%
trio(Italian) a group of three [n]
0%
tripto stumble [v]
0%
trod(obsolete) a track, path [n]
0%
trop(French) too much [adv]
0%
trotto proceed at a pace between walking and running [v]
0%
troya system of weights [n]
0%
truecorresponding to fact [adj]
0%
tsar(Russian) a ruler, emperor [n]
0%
tuan(Native Australian) an Australian marsupial, aka wambenger or brush-tailed phascogale [n]
0%
tubeto fit with a long hollow pipe [v]
0%
tubsto wash in a large receptacle [v]
0%
tuckto fold under [v]
0%
tuffa general term for all consolidated pyroclastic rock [n]
0%
tuftto form into a bunched cluster [v]
0%
tugsto pull with force [v]
0%
tunaa marine food fish [n]
0%
tuneto adjust to a proper pitch [v]
0%
tung(Chinese) a kind of Chinese tree [n]
0%
turfa surface layer of earth containing a dense growth of grass and its roots [n]
0%
turnto change direction, rotate [v]
0%
twas(Scots) two [n]
0%
twigto observe, understand [v]
0%
twinto bring together in close association [v]
0%
twosthe next whole number after one [n]
0%
tyne(Scots) to lose [v]
0%
typeto print with a typewriter [v]
0%
tyreto supply a covering for a wheel [v]
0%
uglynot beautiful [adj]
0%
ulna(Latin) the inner and larger of the two bones of the forearm [n]
0%
undein heraldry, wavy [adj]
0%
undoa computer feature that allows the user to reverse the effect of the last action [n]
0%
unita specific quantity used as a standard of measurement [n]
0%
untoto [prep]
0%
uponon [prep]
0%
ureaa substance found in mammalian urine, the chief form in which nitrogenous waste is excreted [n]
0%
urgeto drive forward [v]
0%
uricpertaining to urine [adj]
0%
urnsto place in an urn [v]
0%
usedto put into service [v]
0%
userone that uses [n]
0%
usesto put into service [v]
0%
vail(archaic) to lower, doff, let down [v]
0%
vainfilled with undue admiration for oneself [adj]
0%
valea broad valley [n]
0%
vanea device for showing the direction of the wind [n]
0%
vansto transport in a type of motor vehicle [v]
0%
varyto make different [v]
0%
vasa(Latin) an anatomical duct [n]
0%
vasea container used for holding flowers [n]
0%
vasthuge [adj]
0%
vatsto put into a large container for holding liquids [v]
0%
vealthe meat of a calf [n]
0%
veerto change direction [v]
0%
vega(Spanish) a low fertile plain; a tobacco field [n]
0%
veila covering of fine fabric for the head, face, or both [n]
0%
vena(Latin) a vein [n]
0%
ventto provide with an opening [v]
0%
veravery [adj]
0%
verba part of speech that signifies action [n]
0%
vert(colloquial) to become a convert [v]
0%
veryabsolute [adj]
0%
vestto place authority in [v]
0%
veto(Latin) to forbid or prevent authoritatively [v]
0%
vialto put in a small container for liquids [v]
0%
viceto grip with a special tool [v]
0%
vide(Latin) see, consult, refer [v]
0%
viedto contend in rivalry [v]
0%
viewto look at [v]
0%
vileodious [adj]
0%
vineto remove vines from e.g. vines and pods from (peas) [v]
0%
visato stamp with an official endorsement [v]
0%
viseto hold in a clamping device [v]
0%
vita(Latin) life [n]
0%
viva(Italian) to examine orally [v]
0%
vive(Scots) lively, forcible [adj]
0%
vivo(Italian) lively [adv]
0%
voidto nullify of legal force or effect [v]
0%
volk(South African) the Afrikaaner people [n]
0%
volsin heraldry, two wings displayed and conjoined [n]
0%
voltto make a sudden leap [v]
0%
voteto express an opinion [v]
0%
vowsto make a solemn promise [v]
0%
waahan interjection used to express wailing [interj]
0%
wadeto walk through water [v]
0%
wadi(Arabic) the dry bed of a torrent; a river valley [n]
0%
wageto engage in or carry on [v]
0%
wailto utter a long, mournful cry [v]
0%
waitto remain in readiness [v]
0%
waketo rouse from sleep [v]
0%
wald(Scots) wild mignonette [n]
0%
walkto advance on foot [v]
0%
wallto enclose in an upright structure [v]
0%
wanda slender rod [n]
0%
waneto decrease in size [v]
0%
wantto have a desire for [v]
0%
wardto turn aside [v]
0%
wareto beware of [v]
0%
warmmoderately hot [adj]
0%
warnto notify in advance [v]
0%
warpto twist out of shape [v]
0%
warsto engage in armed conflict [v]
0%
warta hard growth on the skin [n]
0%
warycautious [adj]
0%
washto cleanse in liquid [v]
0%
waspa stinging insect [n]
0%
wast(US) west [n]
0%
wattthe SI unit of power, equal to a rate of working of one joule per second [n]
0%
waveto flutter back and forth [v]
0%
wavyhaving waves [adj]
0%
waxylike wax [adj]
0%
ways(Spenser) to weigh, esteem [v]
0%
weakfeeble [adj]
0%
weala ridge on the skin formed by a blow [n]
0%
wearto turn a ship's stern to windward to alter its course [v]
0%
websto provide fine structure spun by a spider [v]
0%
weedto remove unwanted plants [v]
0%
weeka period of seven days [n]
0%
weepto shed tears (salty liquid) from the eyes [v]
0%
weftto weave fabric [v]
0%
weila whirlpool [n]
0%
weirto wear [v]
0%
weldto join by fusing [v]
0%
wellto rise to the surface and flow forth [v]
0%
weltto mark with ridges [v]
0%
went(Spenser) a path, a journey [n]
0%
weptto shed tears (salty liquid) from the eyes [v]
0%
wereto exist [v]
0%
wertto exist [v]
0%
westa part of the compass [n]
0%
whatthe true nature of something [n]
0%
wheean expression of delight [interj]
0%
whenthe time at which something happened [n]
0%
wheythe watery part of milk [n]
0%
whig(Scots) to jog along [v]
0%
whimto turn aside [v]
0%
whipto strike with a lash [v]
0%
whitthe smallest particle imaginable [n]
0%
whoaa call to stop, esp. to a horse [interj]
0%
whomthe objective case of who [pron]
0%
wicka bundle of loosely twisted fibers in a candle or oil lamp [n]
0%
widebroad [adj]
0%
wifea woman who has a husband [n]
0%
wigsto scold; to provide with a wig [v]
0%
wildnot tame [adj]
0%
willto decide upon, used as an auxiliary followed by a simple infinitive to express futurity [v]
0%
wiltto become limp [v]
0%
wilycrafty [adj]
0%
windto twist or coil [v]
0%
wineto provide with fermented juice of the grape [v]
0%
winkto open and close one eye quickly [v]
0%
winn(slang) a penny [n]
0%
winsto gain [v]
0%
wipeto rub lightly to clean or dry [v]
0%
wireto fasten with threads of ductile metal [v]
0%
wirythin and tough [adj]
0%
wiseintelligent [adj]
0%
wishto desire [v]
0%
wispto twist into a small bundle [v]
0%
wissto wish [v]
0%
witha partition between chimney flues [n]
0%
witsto know [v]
0%
woaha call to stop, esp. to a horse [interj]
0%
woesgrief, sadness [n]
0%
wokealert to social and political injustice (esp in the phrase stay woke) [adj]
0%
woldan elevated tract of open land [n]
0%
wolfto devour ravenously [v]
0%
wombthe uterus [n]
0%
wontto be accustomed [v]
0%
woodto cover with trees [v]
0%
woolthe fleece of sheep or goats [n]
0%
wordto express in speech sounds [v]
0%
woreto turn a ship's stern to windward to alter its course [v]
0%
workto toil in mind or body [v]
0%
worma small, limbless invertebrate [n]
0%
wornto turn a ship's stern to windward to alter its course [v]
0%
woveto form by crossing threads [v]
0%
wrena small songbird [n]
0%
writa written legal order [n]
0%
wynna rune, having the value of modern English W [n]
0%
yalea fabulous heraldic beast [n]
0%
yamsa sweet potato [n]
0%
yang(Chinese) a species of Thai timber tree [n]
0%
yankto pull with a jerk [v]
0%
yardan enclosed place, esp. near a building [n]
0%
yarnto tell a long story [v]
0%
yawnto open the mouth in a large gape [v]
0%
yeahan expression of yes [n]
0%
yearthe time taken by the earth to orbit the sun [n]
0%
yebo(South African) yes, I agree [interj]
0%
yellto cry out loudly [v]
0%
yeowan interjection used to express pain or shock [interj]
0%
yipean interjection expressing fear or surprise [interj]
0%
yoga(Sanskrit) a system of Hindu philosophy [n]
0%
yogi(Sanskrit) one who practises yoga [n]
0%
yoketo join (animals, slaves) together with a wooden frame [v]
0%
yolkthe yellow, fatty part of an egg [n]
0%
yorea long time ago [n]
0%
yorkto bowl a batsman with a yorker [v]
0%
yourbelonging to you [adj]
0%
yuan(Chinese) a Chinese monetary unit [n]
0%
yuchan interjection expressing disgust [interj]
0%
yuleChristmas or Christmastide [n]
0%
zack(Australian slang) sixpence, now a five-cent piece [n]
0%
zealenthusiasm [n]
0%
zeroto set at or adjust to zero [v]
0%
zestenthusiasm; relish [n]
0%
zeta(Greek) a Greek letter [n]
0%
zincto coat with a metallic element [v]
0%
zona(Latin) a girdle or belt; a zone [n]
0%
zoneto arrange in areas [v]
0%
zoomto move with a buzzing sound [v]
0%
zulua type of two-masted fishing vessel formerly used in Scotland [n]
0%

Score Distribution

Percentile by Number Answered

Percent of People with Each Score

Your Score History

You have not taken this quiz